| 000 | 00556nam a2200157 a 4500 | ||
|---|---|---|---|
| 005 | 20140412111321.0 | ||
| 008 | 010309s19uu xx 00 eng d | ||
| 020 | _a0-7853-1247-1 | ||
| 050 |
_aER _bKe45 1995 |
||
| 245 |
_aKermit the frog / _cillustrated by Nate Butler. |
||
| 260 |
_aLincolnwood, Illinois : _bJim Henson Publishing Muppet, _c1995. |
||
| 300 | _a1 v. (unp.) ; ill. | ||
| 520 | _aKermit is a tricky magician. Everyone likes his show, especially when he plays a funny trick on Miss Piggy! | ||
| 650 | _aChildrens stories | ||
| 999 |
_c104401 _d104401 |
||